A practical guide to steam turbine technology

Αποθηκεύτηκε σε:
Λεπτομέρειες βιβλιογραφικής εγγραφής
Κύριος συγγραφέας: Bloch, Heinz P. 1933-
Μορφή: Βιβλίο
Γλώσσα:English
Δημοσίευση: New York : McGraw-Hill, c1996
Θέματα:
Ετικέτες: Προσθήκη ετικέτας
Δεν υπάρχουν, Καταχωρήστε ετικέτα πρώτοι!

MARC

LEADER 00000nam a2200000 i 4500
001 1/17662
008 981006s1996 eng d
020 |a 0-07-005924-1 
035 |l 10020640 
040 |a GR-MY-UA  |b gre  |e aacr 
041 0 |a eng 
082 0 |a 621.165 
100 1 |a Bloch, Heinz P.  |d 1933- 
245 1 2 |a A practical guide to steam turbine technology /  |c Heinz P. Bloch 
260 |a New York :   |b McGraw-Hill,   |c c1996 
300 |a 347 p.  |b fig.; tabl. 
504 |a Includes bibliographical references and index 
650 0 0 |a Steam-turbines. 
852 |a INST  |b LESVOS  |e 19981006  |h 621.165 BLO  |p 005100018338  |q 005100018338  |t BK  |y 0 
901 |a BIBL-1999-1 
909 |a Λ  |b 059186 
922 |a 1ΕΛΗ  |b 199809  |c ΚΠΣ/ΤΠ  |d ΠΑΠΑΣΩΤΗΡΙΟΥ 
950 |a 107-1998-07-18